| 000 | 00644nmc a2200253 a 4500 | ||
|---|---|---|---|
| 003 | AR-BaBNM | ||
| 005 | 20251128203156.0 | ||
| 008 | 116019s1933 ||||||||||||||000 | spa|| | ||
| 040 | _cAR-BaBNM | ||
| 100 | 1 |
_aCrommelynck, Fernand _d1886-1970 |
|
| 245 | 1 | 0 | _aCarina |
| 260 |
_aBuenos Aires _bEdiciones Argentinas Condor _c1933 |
||
| 300 | 0 | _a128 p. | |
| 490 | 0 | _aTeatro para leer | |
| 650 | 4 | _aLITERATURA BELGA | |
| 650 | 4 | _aTEATRO BELGA | |
| 650 | 4 | _aESCRITORES | |
| 653 | _aGROTESCO | ||
| 653 | _aTEATRO DE VANGUARDIA | ||
| 655 | _aLITERATURA | ||
| 700 | 1 |
_aObligado, Pedro Miguel _eprologuista |
|
| 942 | _cBK | ||
| 998 | _cMARTIN | ||
| 999 |
_c2238 _d2238 |
||